00270nam a2200097Ia 4500100002000000654003800020245004900058260003800107082001500145546001200160 aChung/ Kai Lai  aProbability stochastic Processess aProbability theory with stochastic Processes bNarosa Pub HouseaNew Delhic1991 a519.2bcho aENGLISH